| 000 | 00575nam a22002057a 4500 | ||
|---|---|---|---|
| 001 | 45231 | ||
| 008 | 230515s1949 cu ||||| |||| 00| 0 spa d | ||
| 110 | 2 | _aColegio Nacional de Ciencias Sociales y Derecho Público de la Habana | |
| 245 | 1 | 0 | _aConferencias y Debates sobre la Carrera Administrativa. |
| 260 |
_aLa Habana : _bEditorial Lex, _c1949. |
||
| 300 | _a1 volumen | ||
| 942 | _cLIBRO | ||
| 999 |
_c45231 _d45231 |
||
| 040 |
_aAR-BaAGN _bspa _eaacr |
||
| 003 | AR-BaAGN | ||
| 005 | 20230810112251.0 | ||
| 007 | ta | ||
| 336 |
_2rdacontent _btxt |
||
| 337 |
_2rdamedia _bn |
||
| 338 |
_2rdacarrier _bnc |
||